000 00354 a2200169 4500
001 70934
020 _a8532259472
040 _cAnchieta - Itaigara
100 _aBraido, Selma
240 1 0 _aA maça encantada
_lpor
245 1 0 _aA maça encantada
300 _a16
362 0 _a2006
440 1 _aFTD
650 4 _aLiteratura infantil
942 _cBK
999 _c70934
_d70934